|
|
|
|
| LEADER |
02007nam a2200493 i 4500 |
| 001 |
EBC1676649 |
| 003 |
MiAaPQ |
| 005 |
20200520144314.0 |
| 006 |
m o d | |
| 007 |
cr cnu|||||||| |
| 008 |
140501t20142014enka ob 001 0 eng d |
| 020 |
|
|
|z 9781118412343
|
| 020 |
|
|
|a 9781118412350
|q (electronic bk.)
|
| 035 |
|
|
|a (MiAaPQ)EBC1676649
|
| 035 |
|
|
|a (Au-PeEL)EBL1676649
|
| 035 |
|
|
|a (CaPaEBR)ebr10862702
|
| 035 |
|
|
|a (CaONFJC)MIL599780
|
| 035 |
|
|
|a (OCoLC)867852779
|
| 040 |
|
|
|a MiAaPQ
|b eng
|e rda
|e pn
|c MiAaPQ
|d MiAaPQ
|
| 043 |
|
|
|a e------
|
| 050 |
|
4 |
|a HD7288.78.E85
|b .S647 2014
|
| 082 |
0 |
|
|a 363.5/85094
|2 23
|
| 245 |
0 |
0 |
|a Social housing in Europe /
|c edited by Kathleen Scanlon, Christine Whitehead, Melissa Fernandez Arrigoitia.
|
| 250 |
|
|
|a First edition.
|
| 264 |
|
1 |
|a West Sussex, England :
|b John Wiley & Sons,
|c 2014.
|
| 264 |
|
4 |
|c 2014
|
| 300 |
|
|
|a 1 online resource (494 pages) :
|b illustrations.
|
| 336 |
|
|
|a text
|2 rdacontent
|
| 337 |
|
|
|a computer
|2 rdamedia
|
| 338 |
|
|
|a online resource
|2 rdacarrier
|
| 490 |
1 |
|
|a Real Estate Issues
|
| 504 |
|
|
|a Includes bibliographical references and index.
|
| 588 |
|
|
|a Description based on print version record.
|
| 590 |
|
|
|a Electronic reproduction. Ann Arbor, MI : ProQuest, 2015. Available via World Wide Web. Access may be limited to ProQuest affiliated libraries.
|
| 650 |
|
0 |
|a Public housing
|z Europe.
|
| 650 |
|
0 |
|a Housing policy
|z Europe.
|
| 655 |
|
4 |
|a Electronic books.
|
| 700 |
1 |
|
|a Arrigoitia, Melissa Fernandez,
|e editor.
|
| 700 |
1 |
|
|a Whitehead, Christine,
|e editor.
|
| 700 |
1 |
|
|a Scanlon, Kathleen,
|e editor.
|
| 776 |
0 |
8 |
|i Print version:
|t Social housing in Europe.
|b First edition.
|d West Sussex, England : John Wiley & Sons, c2014
|h xxiv, 465 pages
|k Real estate issues (Oxford, England)
|z 9781118412343
|w 2013046739
|
| 797 |
2 |
|
|a ProQuest (Firm)
|
| 830 |
|
0 |
|a Real estate issues (Oxford, England)
|
| 856 |
4 |
0 |
|u https://ebookcentral.proquest.com/lib/matrademy/detail.action?docID=1676649
|z Click to View
|